000 00769nam a2200229Ia 4500
005 20220721120815.0
008 210716s2009 xx 000 0 und d
020 _a9788120328150
040 _cAIMIT LIBRARY
041 _aeng
082 _a005.1361
_22
_bLEER
100 _aLee, Richard C.
_952240
245 _aUML and c++ :
_bpractical guide to object oriented development /
_cBy Richard C Lee and William M Tepfnhart.
250 _a2nd ed.
260 _aNew Delhi :
_bPHI Learning Pvt Ltd ,
_c2009.
300 _axxxiii, 557p. ;
_c23 cm.
650 _aBounding the domain
_952241
650 _aC++ fundamentals
_952242
650 _aIntroduction to the case studies
_952243
700 _aTepfenhart, William M.
_952244
942 _2ddc
_cBK
_e2nd
_k005.1361 LEER
999 _c192608
_d192608